Atrapalecturas : leyendo para siempre /
Cecilia Beuchat Reichardt (Santiago de Chile, 1947-) se ha desempeñado como académica en la Pontificia Universidad Católica de Chile y, como tal, ha publicado diversos textos sobre educación básica. Paralelamente se ha dedicado a la promoción de la lectura entre los niños, como escritora de libros p...
Sparad:
| Huvudupphov: | |
|---|---|
| Övriga upphov: | |
| Materialtyp: | Bok |
| Språk: | spanska |
| Utgiven: |
Santiago, Chile :
Mare Nostrum,
2005, c2005
|
| Ämnen: | |
| Taggar: |
Inga taggar, Lägg till första taggen!
|
MARC
| LEADER | 00000nam^a2200000^a^4500 | ||
|---|---|---|---|
| 001 | 000185837 | ||
| 005 | 20250521000000.0 | ||
| 009 | 20260310102205.593 | ||
| 020 | |a 956-294-090-X | ||
| 020 | |a 956-294-082-9 | ||
| 037 | |a Acervo ITESO - Biblioteca | ||
| 041 | |a ESP | ||
| 082 | |a 808. 899282 |b ATR V. 4 | ||
| 100 | |a Beuchat Reichardt, Cecilia |e (autor) | ||
| 240 | 1 | 1 | |a [Atrapalecturas] |
| 245 | 1 | 0 | |a Atrapalecturas : |b leyendo para siempre / |c C. Beuchat Reichardt ; il. de I. Hojas Loret. |
| 264 | 4 | |a Santiago, Chile : |b Mare Nostrum, |c 2005, c2005 | |
| 300 | |a 140 p. | ||
| 336 | |a texto |b txt |2 rdacontenido | ||
| 337 | |a sin mediación |b n |2 rdamedio | ||
| 338 | |a volumen |b nc |2 rdasoporte | ||
| 520 | |a Cecilia Beuchat Reichardt (Santiago de Chile, 1947-) se ha desempeñado como académica en la Pontificia Universidad Católica de Chile y, como tal, ha publicado diversos textos sobre educación básica. Paralelamente se ha dedicado a la promoción de la lectura entre los niños, como escritora de libros para ellos y como compiladora de literatura infantil de diversas partes del mundo. Los textos de Atrapalecturas y los Cuentos de otros lugares de la tierra, son muestra de su trabajo de compilación, mientras que en la creación tienen títulos como Caracol, caracol, saca tu librito al sol; El zapatero y los duendes; Trompitas y el elefante; El pinito descontento; y Una broma de verano, entre otros. Fue becaria de la Internationale Jugenbibliothek de Munich, en 1991 representó a Chile en el catálogo Children's Books of International Insert de la Feria Internacional del Libro Infantil de Bolonia y en 2000 formó parte de la Lista de Honor del IBBY (International Board of Books for Young People). | ||
| 649 | |a XX | ||
| 650 | |a Adivinanzas | ||
| 650 | |a Poesía | ||
| 650 | |a Cuentos Infantiles | ||
| 650 | |a Literatura Infantil | ||
| 700 | |a Hojas Loret, Isabel |e (ilustración) | ||
| 910 | |a Fondo General | ||
| 920 | |a Impresos - Libros | ||
| 930 | |a Colección General | ||
| 940 | |a Literatura | ||
| 905 | |a 101 | ||
| 901 | |a 0500127161 |b IT1 |c LIT |u 20250521 | ||
| 902 | |a https://opac.biblio.iteso.mx/vufind/Record/000185837 | ||